000 01065nam a2200241Ia 4500
003 Ost
005 20260507075803.0
008 260507s9999||||xx |||||||||||||| ||und||
020 _a9789947052754
040 _cfsecg
041 _aara
082 _a343.07
100 _aالحوسني، ناصر بن سيف بن سالم
_eمؤلف
245 0 _aحماية المستهلك :
_bدراسة مقارنة في التشريع الجزائري وسلطنة عمان /
_c ناصر بن سيف بن سالم الحوسني
260 _aعمان :
_bسما سرفيس,
_c2018
300 _a124 صفحة؛
_bإيضاحات ؛
_c23 سم
504 _aبيبليوغرافيا: ص ص.117-120
520 _aيضم الإطار النظري لحماية المستهلكمجال وآليات تطبيق قانون العقوبات وقمع الغش في التشريع الجزائري والعماني.
653 _aالمستهلكون
653 _aحماية المستهلك
700 _aالعلاوي، عيسى
_eمؤلف ثانوي
942 _cكتاب
999 _c46340
_d46340